Estatutos y ordenanzas generales que S.M. manda observar a los Colegios y Comunidades de cirujanos... en Barcelona, Cádiz y Principado de Cataluña. (Record no. 61296)

MARC details
000 -LEADER
campo de control de longitud fija 00520nam a2200157 i 4500
001 - NÚMERO DE CONTROL
campo de control 61296
003 - IDENTIFICADOR DE NÚMERO DE CONTROL
campo de control ES-MaACL
005 - FECHA Y HORA DE LA ÚLTIMA TRANSACCIÓN
campo de control 20230906164425.0
007 - CAMPO FIJO DE DESCRIPCIÓN FÍSICA--INFORMACIÓN GENERAL
campo de control de longitud fija t|
008 - DATOS DE LONGITUD FIJA--INFORMACIÓN GENERAL
campo de control de longitud fija 031111s1970 sp ||||1| spa d
245 00 - MENCIÓN DEL TÍTULO
Título Estatutos y ordenanzas generales que S.M. manda observar a los Colegios y Comunidades de cirujanos... en Barcelona, Cádiz y Principado de Cataluña.
260 ## - PUBLICACIÓN, DISTRIBUCIÓN, ETC.
Lugar de publicación, distribución, etc. [Barcelona :
Nombre del editor, distribuidor, etc. s.n.,
Fecha de publicación, distribución, etc. 1970]
300 ## - DESCRIPCIÓN FÍSICA
Extensión CXXIII p. ;
Dimensiones 20 cm.
500 ## - NOTA GENERAL
Nota general Ejemplar facsímil.
852 ## - LOCALIZACIÓN
Ubicación ES-MaACL
Número de control de estantería C-51707
Sublocalización o colección R.765149
Holdings
Estatus retirado Estado de pérdida Estado de daño No para préstamo Biblioteca de origen Biblioteca actual Ubicación en estantería Fecha de adquisición Fuente de adquisición Total de préstamos Signatura topográfica completa Código de barras Visto por última vez Precio de reemplazo Tipo de ítem Koha
        Biblioteca del Ateneo de Madrid Biblioteca del Ateneo de Madrid Depósito 2 17/01/2008     C-51707 1064278 23/02/2023 23/02/2023 Libro impreso